Statistics for Top 10 Countries with the Most Horses

Click here to take the quiz!

General Stats

  • This quiz has been taken 48,790 times
    (20,942 since last reset)
  • The average score is 8 of 10

Answer Stats

# HorsesContinentCountry% Correct
10.5 milAmericasUnited States
99%
3.67 milAsiaChina
97%
6.38 milAmericasMexico
97%
5.96 milAmericasBrazil
95%
2.59 milAmericasArgentina
91%
4.09 milAsiaMongolia
84%
1.58 milAmericasColombia
78%
3.14 milAsiaKazakhstan
67%
2.15 milAfricaEthiopia
52%
1.32 milAfricaChad
38%

Score Distribution

Percentile by Number Answered

Percent of People with Each Score

Your Score History

You have not taken this quiz since the last reset